000 00841nam a2200241 a 4500
001 000015109
003 DO-SdBNP
005 20250616134712.0
008 100201s2005 dr a 001 0 spa d
040 _aDO-SdBNP
_bspa
_cBNPHU
049 _aBNPD
082 _a926.1
_bV632m
100 1 _aVicent Cepeda, Gustavo
_934202
245 1 0 _aMemorias, anécdotas y testimonios /
_cGustavo Vicent Cepeda.
260 _aSantiago de los Caballeros :
_bJerez,
_c2005.
300 _a361 p. :
_bil. ;
_c21 cm.
500 _aIncluye índice onomástico
500 _aIncluye datos biográficos del autor en la solapa de la cubierta
600 1 4 _aVincent Cepeda, Gustavo
_xAnécdotas
_934203
600 1 4 _aVincent Cepeda, Gustavo
_xColecciones de escritos
_934204
650 4 _aMédicos
_xRepública dominicana
_934205
_vBiografía
942 _2ddc
_cLBS1
999 _c14681
_d14681